David Anhaght : the "invincible" philosopher /

محفوظ في:

مؤلفون آخرون: Sanjian, Avedis Krikor, 1921-

التنسيق: كتاب

اللغة: English

منشور في: Atlanta, Ga. : Scholars Press, c1986.

سلاسل: Studies in Near Eastern culture and society ; 7.

الموضوعات:

الوسوم: إضافة وسم

لا توجد وسوم, كن أول من يضع وسما على هذه التسجيلة!

رقم الطلب: B765 .D184 D38 1986

LEADER 00852nam a2200265 a 4500
001 6145
003 OSt
005 20250916103329.0
008 130303s1986 gau b 000 0beng d
010 |a 86020443 
020 |a 055540068X 
035 |a ocm14188777 
040 |c ARCE Library 
050 4 |a B765 .D184 D38 1986 
245 0 0 |a David Anhaght :  |b the "invincible" philosopher /  |c Avedis K. Sanjian, editor. 
264 1 |a Atlanta, Ga. :  |b Scholars Press,  |c c1986. 
300 |a xv, 150 pages ;  |c 23 cm. 
490 1 |a Studies in Near Eastern culture and society ;  |v 7. 
504 |a Includes bibliographical references (pages 119-148). 
600 0 0 |a David,  |c the Invincible  |v Bibliography. 
700 1 |a Sanjian, Avedis Krikor,  |d 1921- 
830 0 |a Studies in Near Eastern culture and society ;  |v 7. 
901 |a reviewed 
942 |c BK  |2 lcc 
999 |c 4818  |d 4818